Improved Fire- and Smoke-Resistant Materials for Commercial Aircraft Interiors : (Record no. 5309)
[ view plain ]
| 000 -LEADER | |
|---|---|
| fixed length control field | 01138nac a22002171u 4500 |
| 008 - FIXED-LENGTH DATA ELEMENTS--GENERAL INFORMATION | |
| fixed length control field | 100914t xxu||||| |||| 00| 0 eng d |
| 010 ## - LIBRARY OF CONGRESS CONTROL NUMBER | |
| LC control number | 95070653 |
| 020 ## - INTERNATIONAL STANDARD BOOK NUMBER | |
| International Standard Book Number | 0309053366 |
| 082 00 - DEWEY DECIMAL CLASSIFICATION NUMBER | |
| Classification number | 629.13445 |
| Item number | IMP |
| 100 ## - MAIN ENTRY--PERSONAL NAME | |
| Personal name | 20080729 |
| 9 (RLIN) | 19004 |
| 110 2# - MAIN ENTRY--CORPORATE NAME | |
| Corporate name or jurisdiction name as entry element | National Research Council (U.S.). |
| 9 (RLIN) | 19005 |
| 245 10 - TITLE STATEMENT | |
| Title | Improved Fire- and Smoke-Resistant Materials for Commercial Aircraft Interiors : |
| Remainder of title | A Proceedings / |
| Statement of responsibility, etc | Committee on Fire- and Smoke-Resistant Materials for Commercial Aircraft Interiors, National Materials Advisory Board, Commission on Engineering and Technical Systems, National Research Council. |
| 260 ## - PUBLICATION, DISTRIBUTION, ETC. (IMPRINT) | |
| Place of publication, distribution, etc | Washington, D.C. : |
| Name of publisher, distributor, etc | National Academy Press, |
| Date of publication, distribution, etc | 1995. |
| 300 ## - PHYSICAL DESCRIPTION | |
| Extent | viii, 250 p. : |
| Other physical details | ill. ; |
| Dimensions | 28 cm. |
| 490 ## - Series Statement | |
| -- | 19003 |
| Series statement | Publication NMAB ; |
| -- | 477-2 |
| 504 ## - BIBLIOGRAPHY, ETC. NOTE | |
| Bibliography, etc | Includes bibliographical references. |
| 511 ## - PARTICIPANT OR PERFORMER NOTE | |
| Participant or performer note | catalogued by: wessam |
| 650 #0 - SUBJECT ADDED ENTRY--TOPICAL TERM | |
| Topical term or geographic name as entry element | Aircraft cabins |
| General subdivision | Materials |
| -- | Fire testing. |
| 9 (RLIN) | 19006 |
| 942 ## - ADDED ENTRY ELEMENTS (KOHA) | |
| Item type | Book - Borrowing |
| Call number prefix | 629.13445IMP |
| Source of classification or shelving scheme | Dewey Decimal Classification |
| Withdrawn status | Item status | Source of classification or shelving scheme | Damaged status | Not for loan | Vendor | Home library | Current library | Shelving location | Date acquired | Source of acquisition | Total Checkouts | Full call number | Barcode | Date last seen | Koha item type |
|---|---|---|---|---|---|---|---|---|---|---|---|---|---|---|---|
| Dewey Decimal Classification | Central Library | Central Library | First floor | 14/09/2010 | 629.13445 IMP | 000006598 | 15/07/2025 | Book - Borrowing |